000 01260nam a2200313 c 4500
003 BLK
005 20230627121306.0
008 180410b bul|||||r ||||||| ||bul||
010 _aKNG00158637000
020 _a954-422-006-2
_bиздат.: Вузев
040 _aBLK
041 _aBUL
_cBUL
080 _aАнглийска литература
_b821.111
_x-312.9
_z821.111-312.9
100 1 _aБроснан, Джон
_eпърви автор
_943439
700 _aЗарков, Владимир Владимиров
_d1961-
_9365578
139 _aБроснан, Джон
_bБ 82
245 1 0 _aНебесните господари
_bФантаст. роман
_cДжон Броснан; прев. от англ. Владимир Владимиров Зарков.
257 _aGBR
260 София
_bВузев
_c1992
300 _a405 с.
_c18 см
380 _aX
500 _aБез сведение за ориг. загл. - Офс. изд. - 25 000 тир.
852 _aЦб І 26159
856 4 _qpdf
_u
856 4 _qpdf
_u
942 _cKNG
_n0
944 _aCR
_c26.03.2014
_l26.03.2014 - от С1,Р / 26.03.2014
_kНаталия_Любомирова
944 _aED
_c26.03.2014
_l26.03.2014 - от С1,Р / 26.03.2014
_k
999 _c152191
_d152191